000 00601nam a2200217Ia 4500
003 OSt
005 20230515151940.0
008 210423s2009 xx 000 0 und d
020 _a748765344
040 _cAL
041 _aeng
082 _a616.0756
_223
_b BISM
100 _aBISHOP (Michael L);others.
_9104346
245 _aClinical chemistry: techniques principles correlations.
250 _a6
260 _aNew Delhi
_bWolter Kluwer
_c2009
300 _axx,732
_bPB
365 _b1050
_cINR
906 _achemistry: ; Clinical ; correlations. ; principles ; techniques
942 _2ddc
_cBK
999 _c164385
_d164385